The transform and data compression handbook / (Record no. 178696)
[ view plain ]
| 000 -LEADER | |
|---|---|
| fixed length control field | 01251 a2200241 4500 |
| 003 - CONTROL NUMBER IDENTIFIER | |
| control field | Nust |
| 005 - DATE AND TIME OF LATEST TRANSACTION | |
| control field | 20221210104634.0 |
| 010 ## - LIBRARY OF CONGRESS CONTROL NUMBER | |
| LC control number | 00057149 |
| 020 ## - INTERNATIONAL STANDARD BOOK NUMBER | |
| International Standard Book Number | 0849336929 (alk. paper) |
| 040 ## - CATALOGING SOURCE | |
| Transcribing agency | Nust |
| 082 00 - DEWEY DECIMAL CLASSIFICATION NUMBER | |
| Classification number | 621.382,THE |
| 245 04 - TITLE STATEMENT | |
| Title | The transform and data compression handbook / |
| Statement of responsibility, etc. | edited by K.R. Rao and P.C. Yip. |
| 260 ## - PUBLICATION, DISTRIBUTION, ETC. | |
| Place of publication, distribution, etc. | Boca Raton, Fla. : |
| Name of publisher, distributor, etc. | CRC Press, |
| Date of publication, distribution, etc. | c2001. |
| 300 ## - PHYSICAL DESCRIPTION | |
| Extent | xix, 388 p. : |
| Other physical details | ill. ; |
| Dimensions | 24 cm. |
| 440 #4 - SERIES STATEMENT/ADDED ENTRY--TITLE | |
| Title | The electrical engineering and signal processing series |
| 9 (RLIN) | 104600 |
| 505 ## - FORMATTED CONTENTS NOTE | |
| Formatted contents note | Karhunen Loeve Transform (Page-1), The Discrete Fourier Transform (Page-37), Comparametric Transforms For Transmitting Eye Tap Video With Picture Transfer Protocol (Page-79), Discrete Cosine and Sine Transforms (Page-117), Lapped Transforms For Image Compression (Page-197), Wavelet Based Image Compression (Page-267), Fractal Based Image And Video Compression (Page-313), Compression Of Wavelet Transform Coefficients (Page-347). |
| 650 #0 - SUBJECT ADDED ENTRY--TOPICAL TERM | |
| Topical term or geographic name entry element | Data compression (Telecommunication) |
| 9 (RLIN) | 97885 |
| 650 #0 - SUBJECT ADDED ENTRY--TOPICAL TERM | |
| Topical term or geographic name entry element | Telecommunication Engineering |
| 700 1# - ADDED ENTRY--PERSONAL NAME | |
| Personal name | Rao, K. Ramamohan |
| 9 (RLIN) | 99260 |
| 700 1# - ADDED ENTRY--PERSONAL NAME | |
| Personal name | Yip, P. C. |
| 9 (RLIN) | 104601 |
| 856 42 - ELECTRONIC LOCATION AND ACCESS | |
| Materials specified | Publisher description |
| Uniform Resource Identifier | <a href="http://www.loc.gov/catdir/enhancements/fy0646/00057149-d.html">http://www.loc.gov/catdir/enhancements/fy0646/00057149-d.html</a> |
| 942 ## - ADDED ENTRY ELEMENTS (KOHA) | |
| Source of classification or shelving scheme | |
| Koha item type | Book |
| Withdrawn status | Lost status | Source of classification or shelving scheme | Damaged status | Not for loan | Permanent Location | Current Location | Shelving location | Date acquired | Full call number | Barcode | Date last seen | Price effective from | Koha item type | Public note |
|---|---|---|---|---|---|---|---|---|---|---|---|---|---|---|
| Military College of Signals (MCS) | Military College of Signals (MCS) | General Stacks | 12/12/2016 | 621.382,THE | MCS33776 | 12/08/2016 | 12/12/2016 | Book | Almirah No.36, Shelf No.1 |
